000 00485nam a2200193Ia 4500
003 OSt
005 20221007082751.0
006 a|||||r|||| 00| 0
007 ta
008 221006b |||||||| |||| 00| 0 eng d
024 _a23,353
037 _cDissertations
040 _aFLL
_cFLL
_beng
041 _2eng
_aeng
100 _aShanavas A.
_9699444
245 0 _aWomen's right to divorce under Islamic law.
942 _cDIS
_2CC
999 _c1167673
_d1167673